Order the Countries #2 - Latitude - Statistics

General Stats
  • This quiz has been taken 99 times
  • The average score is 5 of 15
Answer Stats
Hint Answer % Correct
83°06'N Canada
100%
69°04'N Sweden
91%
59°48'N Estonia
80%
55°03'N Germany
71%
47°48'N Switzerland
58%
42°06'N Turkey
36%
37°05'N Algeria
22%
27°16'N Bahamas
9%
23°27'N Cuba
4%
30°05'S Uruguay
3%
15°37'S Zimbabwe
3%
05°15'N Brazil
1%
09°30'N Sri Lanka
1%
15º40'N Venezuela
1%
01°28'N Singapore
0%
No matching quizzes found
Score Distribution
Percent of People with Each Score
Percentile by Number Answered
Your Score History
You have not taken this quiz